Spoločenská zodpovednosť firiem v dodávateľskom reťazci bakalárska práca

Gespeichert in:
Bibliographische Detailangaben
1. Verfasser: Pirog, Tomáš
Körperschaft: Obchodná fakulta EU. Katedra marketingu
Weitere Verfasser: Chomová, Katarína, 1983-
Format: Buch
Sprache:Slowakisch
Veröffentlicht: Bratislava 2011
Tags: Tag hinzufügen
Keine Tags, Fügen Sie das erste Tag hinzu!

MARC

LEADER 00000nbm a2200000 4500
001 0150931
005 20120523130350.7
041 0 |a slo 
044 |a SK 
245 1 0 |a Spoločenská zodpovednosť firiem v dodávateľskom reťazci  |b bakalárska práca  |c Tomáš Pirog ; školiteľ: Katarína Chomová 
264 1 |a Bratislava  |c 2011 
300 |a 53 s. 
100 1 |a Pirog, Tomáš 
700 1 |a Chomová, Katarína, 1983- 
710 2 |a Obchodná fakulta EU. Katedra marketingu